<?xml version="1.0" encoding="UTF-8"?>
<record
    xmlns:xsi="http://www.w3.org/2001/XMLSchema-instance"
    xsi:schemaLocation="http://www.loc.gov/MARC21/slim http://www.loc.gov/standards/marcxml/schema/MARC21slim.xsd"
    xmlns="http://www.loc.gov/MARC21/slim">

  <leader>01273nam a2200313 i 4500</leader>
  <controlfield tag="001">184049</controlfield>
  <controlfield tag="003">ES-MaACL</controlfield>
  <controlfield tag="005">20251017120203.0</controlfield>
  <controlfield tag="008">150225s2014    sp co        |||| |dmul d</controlfield>
  <datafield tag="020" ind1=" " ind2=" ">
    <subfield code="a">9788415940517</subfield>
  </datafield>
  <datafield tag="080" ind1=" " ind2=" ">
    <subfield code="a">821.134.2-1"20"</subfield>
  </datafield>
  <datafield tag="100" ind1="1" ind2=" ">
    <subfield code="a">Othman-Bentria Ramos, Farid,</subfield>
    <subfield code="d">1979-</subfield>
    <subfield code="e">aut</subfield>
    <subfield code="9">175800</subfield>
  </datafield>
  <datafield tag="245" ind1="1" ind2="3">
    <subfield code="a">Un viento de madera = </subfield>
    <subfield code="b">Un vent de bois / </subfield>
    <subfield code="c">Farid Othman-Bentria Ramos ; [edici&#xF3;n a cargo de V&#xED;ctor Miguel Gallardo Barrag&#xE1;n] ; [con pr&#xF3;logos de = avec pr&#xE9;faces par Jos&#xE9; Monle&#xF3;n, Ana Rossetti, Abdellatif Limami].</subfield>
  </datafield>
  <datafield tag="250" ind1=" " ind2=" ">
    <subfield code="a">1&#xAA; ed.</subfield>
  </datafield>
  <datafield tag="260" ind1=" " ind2=" ">
    <subfield code="a">Granada : </subfield>
    <subfield code="b">Dauro, </subfield>
    <subfield code="c">2014.</subfield>
  </datafield>
  <datafield tag="300" ind1=" " ind2=" ">
    <subfield code="a">168 p. , 1 h. de l&#xE1;m. col., [7] p., : </subfield>
    <subfield code="b">fot. col. y n. ; </subfield>
    <subfield code="c">21 x 21 cm.</subfield>
  </datafield>
  <datafield tag="490" ind1="1" ind2=" ">
    <subfield code="a">Texturas</subfield>
  </datafield>
  <datafield tag="546" ind1=" " ind2=" ">
    <subfield code="a">Textos en espa&#xF1;ol, franc&#xE9;s y &#xE1;rabe.</subfield>
  </datafield>
  <datafield tag="546" ind1=" " ind2=" ">
    <subfield code="a">Algunos textos en amazigh; lengua bereber (nota tomada de editor)</subfield>
  </datafield>
  <datafield tag="700" ind1="1" ind2=" ">
    <subfield code="a">Gallardo Barrag&#xE1;n, V&#xED;ctor Miguel, </subfield>
    <subfield code="d">1979-</subfield>
    <subfield code="9">156446</subfield>
  </datafield>
  <datafield tag="700" ind1="1" ind2=" ">
    <subfield code="a">Monle&#xF3;n, Jos&#xE9;,</subfield>
    <subfield code="d">1927-2016</subfield>
    <subfield code="9">82230</subfield>
  </datafield>
  <datafield tag="700" ind1="1" ind2=" ">
    <subfield code="a">Rossetti, Ana, </subfield>
    <subfield code="d">1950-</subfield>
    <subfield code="9">242375</subfield>
  </datafield>
  <datafield tag="700" ind1="1" ind2=" ">
    <subfield code="a">Limami, Abdellatif.</subfield>
    <subfield code="9">156447</subfield>
  </datafield>
  <datafield tag="740" ind1="3" ind2="2">
    <subfield code="a">Un vent de bois.</subfield>
  </datafield>
  <datafield tag="830" ind1="1" ind2=" ">
    <subfield code="a">Texturas</subfield>
    <subfield code="9">176532</subfield>
  </datafield>
  <datafield tag="852" ind1="4" ind2=" ">
    <subfield code="a">ES-MaACL</subfield>
    <subfield code="j">A-13406</subfield>
    <subfield code="9">191015</subfield>
    <subfield code="b">R.150190</subfield>
    <subfield code="c">DEPO1</subfield>
    <subfield code="d">N-6406</subfield>
  </datafield>
  <datafield tag="942" ind1=" " ind2=" ">
    <subfield code="2">udc</subfield>
    <subfield code="c">MONOGRAFIA</subfield>
  </datafield>
  <datafield tag="999" ind1=" " ind2=" ">
    <subfield code="c">184049</subfield>
    <subfield code="d">184049</subfield>
  </datafield>
  <datafield tag="952" ind1=" " ind2=" ">
    <subfield code="0">0</subfield>
    <subfield code="1">0</subfield>
    <subfield code="2">udc</subfield>
    <subfield code="4">0</subfield>
    <subfield code="7">0</subfield>
    <subfield code="a">ATENEOM</subfield>
    <subfield code="b">ATENEOM</subfield>
    <subfield code="c">DEPO1</subfield>
    <subfield code="d">2015-02-25</subfield>
    <subfield code="e">DONACION</subfield>
    <subfield code="l">0</subfield>
    <subfield code="o">A-13406</subfield>
    <subfield code="p">1193536</subfield>
    <subfield code="r">2023-02-23 00:00:00</subfield>
    <subfield code="w">2023-02-23</subfield>
    <subfield code="y">MONOGRAFIA</subfield>
  </datafield>
</record>
